000 00269nam a22001217a 4500
008 170227b xxu||||| |||| 00| 0 eng d
041 _aeng
080 _21ST
_a615
100 _a5
101 _aSHF
245 _aARTHITRITIS PRESCRIBING GUIDE
_cBELLO, A
942 _2udc
_cBK
999 _c6276
_d6276